|
|
|
|
| LEADER |
00000nab a2200000 a 4500 |
| 001 |
vtls000302686 |
| 003 |
SK-MaSNL |
| 005 |
20260304055532.0 |
| 008 |
230120c1988 xo 0 slo |
| 015 |
|
|
|a SNBRB19rr/mm-uuuuu
|
| 035 |
|
|
|a CL0312805
|
| 035 |
|
|
|a urn:nbn:sk:snk-ab2cyc
|
| 035 |
|
|
|a (urnnbn)urn:nbn:sk:snk:ar-a0263t
|
| 035 |
|
|
|a (uuid)40386dbc-a16a-404d-bae6-9236d7ce5ff2
|
| 040 |
|
|
|a SNKBUCL
|b slo
|c SNKBUCL
|e AACR2
|
| 041 |
0 |
|
|a slo
|
| 044 |
|
|
|a xo
|c SK
|
| 080 |
|
|
|a 630(671.1)
|2 1981
|
| 080 |
|
|
|a 674
|2 1981
|
| 080 |
|
|
|a 684
|2 1981
|
| 080 |
|
|
|a 676
|2 1981
|
| 100 |
1 |
|
|a (jj)
|4 aut
|9 846724
|
| 245 |
1 |
0 |
|a Tropické listnáče Kamerunu
|c (jj)
|
| 650 |
0 |
7 |
|a lesy
|2 snkbucl
|9 1437
|
| 650 |
0 |
7 |
|a listnaté dreviny
|2 snkbucl
|9 67406
|
| 651 |
|
7 |
|a Kamerun
|2 snkbucl
|9 72766
|
| 655 |
|
7 |
|a články z novín a časopisov
|2 snkbucl
|9 267496
|
| 773 |
0 |
|
|t Les
|g Roč. 44, č. 2 (1988), s. 91-92
|
| 850 |
|
|
|a Slovenská národná knižnica v Martine
|a MTA001
|
| 852 |
|
|
|a SNK
|b KIS3GCP
|
| 954 |
|
|
|a odborná, vedecká literatúra pôvodná (slovenská)
|2 lita
|
| 958 |
|
|
|a OND
|
| 958 |
|
|
|a RK
|
| 958 |
|
|
|a EUIPO
|
| 958 |
|
|
|a article2022
|
| 992 |
|
|
|a RBX
|
| 999 |
|
|
|c 2724939
|d 2726869
|